00516nam a2200193 a 4500001001300000003000900013005001700022008004100039020000800080082001600088100002000104245005500124260003600179300000900215500003500224505002500259650001800284700002000302nice12345678IN_TiNIC20260116011552.0050524s1951 lona grp 000 0 eng  ac000a956.91bHIT aHitti, Philip K aHistory of Syriab Including Lebanon and Palestine aLondonbMacmillan and Co.c1951 a749p aincludes index and biblioraphy2 aIndex, Illustrations aSyria-History1 aHitti, Philip K